000 01287nam0a2200325 4500
001 RU\NLR\ONL2\2401
005 20250613124607.0
010 _a5-7761-0876-4
_920700
035 _a(NLR Aleph) 009650003
090 _a9572031
_c9572031
100 _a20040720d2003 |||y0rusy50 ca
101 0 _atat
102 _aRU
105 _aa |||||||||
200 1 _aУку китабы
_e2 нче с-ф
_eДуртьеллык башл. рус мэкт. укучы татар балалары очон д-лек
_fР.Х.Ягъфэрова
205 _a3 нче басма
210 _aКазан
_cМэгариф
_d2003
215 _a142,[1] б.
_cил.
_d22
541 1 _6z01790
_aКнига для чтения
_eУчеб. для учащихся-татар 2 кл. четырехлет. нач. рус. шк.
_zrus
606 0 _aТатарский язык
_91481084
_3RU\NLR\auth\66630778
686 1 _aШ163.23-93рус21[2]
700 1 _aЯгъфэрова
_bР. Х.
_gРэдинэ Хэким кызы
_4070
790 1 _6z01541
_aЯгафарова
_bР. Х.
_gРадина Хакимовна
_4070
801 0 _aRU
_bNLR
_c20040720
_gPSBO
852 _aNLR
_bОНЛ
_jТатар./3-13012
942 _cBOOK
980 _aNB
980 _aONL_RF